| 000 | 00825 a2200241 4500 | ||
|---|---|---|---|
| 003 | Nust | ||
| 005 | 20170207154030.0 | ||
| 010 | _a 98033392 | ||
| 020 | _a020130998X | ||
| 040 | _cNust | ||
| 082 | 0 | 0 | _a005.1 |
| 100 | 1 | _aRumbaugh, James. | |
| 245 | 1 | 4 |
_aThe unified modeling language reference manual (E-BOOK) _cJames Rumbaugh, Ivar Jacobson, Grady Booch. |
| 260 |
_aReading, Mass. : _bAddison-Wesley, _cc1999. |
||
| 300 |
_axvii, 550 p. : _bill. ; _c25 cm. |
||
| 440 | 4 | _aThe Addison-Wesley object technology series | |
| 505 | _aPart I: Background (Page-3), Part II: UML Concepts (Page-23), Part III: Reference (Page-113), Part IV: Appendices (Page-515), | ||
| 650 | 0 |
_aComputer software _xDevelopment. |
|
| 650 | 0 | _aUML (Computer science) | |
| 651 | _aE-BOOK | ||
| 700 | 1 | _aBooch, Grady. | |
| 700 | 1 | _aJacobson, Ivar. | |
| 942 |
_2ddc _cBK |
||
| 999 |
_c192086 _d192086 |
||